Kam kráčame správa o finančnej udržateľnosti

Pokračovanie článku z predchádzajúceho čísla o finančnej udržateľnosti verejných výdavkov. Veľkosť indikátorov a úprava verejných výdavkov. Dôsledky zadlžovania a prírastky štátneho dlhu v EÚ. Reformy na znižovanie dlhov a deficitov. Ukazovatele udržateľnosti pre Slovensko.

Na minha lista:
Detalhes bibliográficos
Autor principal: Baláž, Vladimír
Formato: Capítulo de Livro
Idioma:eslovaco
Assuntos:
Tags: Adicionar Tag
Sem tags, seja o primeiro a adicionar uma tag!

MARC

LEADER 00000naa a2200000 4500
001 0117734
005 20231019091423.7
041 0 |a slo 
044 |a SK 
245 1 0 |a Kam kráčame  |b správa o finančnej udržateľnosti  |c Vladimír Baláž 
520 |a Pokračovanie článku z predchádzajúceho čísla o finančnej udržateľnosti verejných výdavkov. Veľkosť indikátorov a úprava verejných výdavkov. Dôsledky zadlžovania a prírastky štátneho dlhu v EÚ. Reformy na znižovanie dlhov a deficitov. Ukazovatele udržateľnosti pre Slovensko. 
610 2 0 |a Európska únia 
610 2 0 |a Slovensko 
610 2 0 |a politika dôchodková 
610 2 0 |a výdavky verejné 
610 2 0 |a dlhy verejné 
610 2 0 |a vek produktívny 
610 2 0 |a starnutie populácie 
610 2 0 |a ukazovatele demografické 
610 2 0 |a rozvoj trvalo udržateľný 
100 1 |a Baláž, Vladimír